| 000 | 01060nam a22002657a 4500 | ||
|---|---|---|---|
| 999 |
_c64080 _d64080 |
||
| 005 | 20240530110713.0 | ||
| 008 | 180213s2015 ua g 000 | ara d | ||
| 017 |
_a2015/4853 _bمصر. دار الكتب |
||
| 020 | _a9789773223533 | ||
| 040 |
_aEG-CaGPL _cEG-CaGPL |
||
| 082 | 0 | 4 |
_221 _a272.2 / _bف ت |
| 100 | 0 | _aفؤاد حسنين على | |
| 245 | 1 | 2 |
_aالتوراة الهيروغليفية : _bدراسة فى اصول العهد القديم ومصادره / _cتأليف فؤاد حسنين على ؛ تقديم قاسم عبده قاسم |
| 250 | _aط. 1 | ||
| 260 |
_aالقاهرة : _bعين للدراسات و البحوث الانسانية و الاجتماعية، _c2015. |
||
| 300 |
_a188 ص. ؛ _c24 سم. |
||
| 650 | 0 | 7 |
_2qrmak _aالعهد القديم |
| 650 | 0 | 7 |
_2qrmak _aالتوراة |
| 650 | 0 | 7 |
_2qrmak _aاليهودية |
| 651 | _2qrmak | ||
| 653 | 0 | _aالتوراة الهيروغليفية | |
| 700 | 0 |
_aقاسم عبده قاسم _eمقدم |
|
| 942 |
_2ddc _cBK |
||